Statistiche per Paesi che finiscono in R

Clicka qui per fare il quiz!

Statistiche generali

  • Questo quiz è stato fatto 220 volte
  • Il punteggio medio è 2 su 5

Statistiche sulle risposte

Paese che finisce in R% Corretto
Qatar
70%
Ecuador
47%
Niger
45%
El Salvador
44%
Madagascar
42%

Distribuzione punteggi

Percentile per numero di risposta

Percentuale di utenti per punteggio

I tuoi punteggi nel tempo

Non hai fatto questo quiz